Návrh robustného prediktívneho riadenia pre doskový výmenník tepla

Salvato in:
Dettagli Bibliografici
Autore principale: Kvasnicová, Katrin (Autore)
Altri autori: Oravec, Juraj (Relatore della tesi)
Natura: Manoscritto Libro
Lingua:slovacco
Pubblicazione: 2023
Soggetti:
Accesso online:http://is.stuba.sk/zp/portal_zp.pl?podrobnosti=128793
Tags: Aggiungi Tag
Nessun Tag, puoi essere il primo ad aggiungerne!!

MARC

LEADER 00000ntm a22000003a 4500
001 stuzp93913
003 SK-STU
005 20230909220459.5
007 ta
008 150427s2015----xo-----f-mn---000-0-slo-d
040 |a STU  |b slo 
041 0 |a slo 
100 1 |a Kvasnicová, Katrin  |u 047000  |4 aut  |U FCHPT Fakulta chemickej a potravinárskej technológie  |T FCHPT Ústav informatizácie, automatizácie a matematiky  |X 61627  |U C7000  |Y 105  |7 61627 
242 0 1 |a Robust Model Predictive Control Design for a Plate Heat Exchanger  |y eng 
245 1 0 |a Návrh robustného prediktívneho riadenia pre doskový výmenník tepla 
260 |c 2023 
650 4 |a robustné prediktívne riadenie  |2 slo 
650 4 |a Tube MPC regulátor  |2 slo 
650 4 |a kvalita riadenia  |2 slo 
650 4 |a doskový laboratórny výmenník tepla  |2 slo 
650 4 |a prestup tepla  |2 slo 
650 4 |a robust predictive control  |2 eng 
650 4 |a Tube MPC regulator  |2 eng 
650 4 |a management quality  |2 eng 
650 4 |a plate laboratory heat exchanger  |2 eng 
650 4 |a heat transfer  |2 eng 
700 1 |a Oravec, Juraj  |u 047220  |k Z1  |4 ths  |U FCHPT Ústav informatizácie, automatizácie a matematiky  |T FCHPT Oddelenie informatizácie a riadenia procesov  |X 26399  |U C7220  |Y 121  |7 A000026399 
856 4 |u http://is.stuba.sk/zp/portal_zp.pl?podrobnosti=128793